Welcome to the Holygrace Academy Library

Please use search bar below to get started

STORIES FOR CHRISTMAS (Record no. 8816)

MARC details
000 -LEADER
fixed length control field 00363nam a22001457a 4500
020 ## - INTERNATIONAL STANDARD BOOK NUMBER
ISBN 978-1-4449-6930-6
082 ## - DEWEY DECIMAL CLASSIFICATION NUMBER
Classification number 823
Item number BLY/S
100 ## - MAIN ENTRY--AUTHOR NAME
Personal name BLYTON, ENID
245 ## - TITLE STATEMENT
Title STORIES FOR CHRISTMAS
246 ## - VARYING FORM OF TITLE
Title proper/short title STORIES FOR CHRISTMAS
Remainder of title STORIES FOR CHRISTMAS
260 ## - PUBLICATION, DISTRIBUTION, ETC. (IMPRINT)
Place of publication U K
Name of publisher HODDER CHILDRENS BOOKS
Year of publication 2023
300 ## - PHYSICAL DESCRIPTION
Number of Pages 314
650 ## - SUBJECT ADDED ENTRY--TOPICAL TERM
Topical Term ENGLISH FICTION
942 ## - ADDED ENTRY ELEMENTS (KOHA)
Koha item type Books
Holdings
Withdrawn status Lost status Collection code Home library Current library Shelving location Date acquired Source of acquisition Cost, normal purchase price Full call number Accession Number Koha item type
    Fiction Main Library Main Library NEW SHELF WITH NEW ENTRY 07/03/2024 PURCHASED 499.00 823 BLY/S 13551 Books